| 000 | 00563nam a22002057a 4500 | ||
|---|---|---|---|
| 003 | LCc | ||
| 005 | 20151029095747.0 | ||
| 008 | 130311t xxu||||| |||| 00| 0 eng d | ||
| 020 | _a9780140157543 | ||
| 050 |
_aPQ 8180.17 _b.M357 1982 |
||
| 082 |
_aIB 863 _bM34c 1982 |
||
| 100 | _aMarquez, Gabriel Garcia | ||
| 245 |
_aChronicle of a death foretold / _cGabriel GarciÌa MaÌrquez. |
||
| 260 |
_aNew York : Knopf _bDistributed by Random House _c1983 |
||
| 300 |
_a120 p. ; _c22 cm. |
||
| 562 | _e2 | ||
| 942 |
_2lcc _cBK |
||
| 999 |
_c2329 _d2329 |
||